| 000 | 00505nam a22001932 4500 | ||
|---|---|---|---|
| 001 | 0000005283 | ||
| 005 | 20170406120514.0 | ||
| 008 | 141210s xx 000 0 eng d | ||
| 020 |
_a9780712639156 : _c$ |
||
| 040 |
_aYour Holding Symbol _cYour Holding Symbol |
||
| 100 | 1 | _aButton,John. | |
| 245 | 1 | 0 | _aHow to be green. |
| 250 | _a ed. | ||
| 260 |
_aLondon : _bCentury, _c1989. |
||
| 300 |
_a229 p. ; _c cm. |
||
| 504 | _aindex. | ||
| 650 | 0 | _ahow to be green. | |
| 908 | _a141210 | ||
| 999 |
_c5085 _d5085 |
||